000 00594nam a2200145Ia 4500
008 220325s9999 xx 000 0 und d
040 _aID-SmMUS
084 _a75535 YUW Gov Th.1
100 _aYuwelsoni
245 0 _aPemanfaatan Elektronik Goverment dalam Meningkatakan Disiplin Pegawai (Studi Kasus Penggunaan Absensi Elektronik di Kantor Bupati Kabupaten Malinau)
260 _aSamarinda
_bUniversitas Mulawarman
_c2016
300 _axiv + 92 halaman
650 _aTheses (Skripsi, Tesis, Disertasi)
_eT-H-E
_vSkripsi-PIN
_xSkripsi-PIN-2016-Digital
_yMeningkatkan Disiplin Kerja
942 _cTHE
999 _c17377
_d17377